000 01999cam a22004814i 4500
003 PE-LiUPU
005 20250731173422.0
008 150706s r 000 0 d
020 _a9789972701825
035 _a(Sirsi) i9789972701825
040 _aPE-LiUPU
_bspa
_cPE-LiUPU
_erda
049 _aPRUA
082 0 4 _a248.864
_bD16
_221
100 1 _aDarke, Brenda,
_eautor.
245 1 3 _aUn camino compartido :
_bhacia la plena inclusión de la persona con discapacidad en las iglesias /
_cBrenda Darke.
264 1 _aLima :
_bEdiciones Puma (CENIP),
_c2012.
300 _a206 páginas :
_bilustraciones ;
_c21 cm.
336 _atext
_2rdacontent
337 _aunmediated
_2rdamedia
338 _avolume
_2rdacarrier
500 _aEdiciones Puma es un programa del Centro de Investigación y Publicaciones (CENIP) tomada de la página legal.
505 0 _aUn camino diferente -- ¿Con quién caminamos? -- ¿De dónde partimos? -- Barreras en el camino -- ¿Adónde vamos? -- ¿Un atajo en el camino? -- Viaje en equipo. Facilitando el caminar -- No abandonemos la familia -- Un futuro en este mundo.
526 _aSEG42
526 _aSEG41
526 _aSEG40
526 _aSEG39
526 _aP94
526 _aP87
526 _aP86
526 _aP85
526 _aP77
526 _aP76
526 _aP35
541 _g001-0000595;
650 1 4 _aPersonas con discapacidad
_xPastoral.
650 2 4 _aPersonas con discapacidad
_xCuidado.
910 _agl
_bjv
_cng
_d20120906
942 _2ddc
_cBOOK
949 _a248.864 D16
_wDEWEY
_c1
_i65453
_lCCODEBUL1
_mBUL
_p24.00
_r0
_sY
_tBOOK
_u2015-7-6
_xTEOLOGIA
_PP35
_o.STAFF. Colección General
994 _aC0
_bPEPRU
596 _a1
999 _a248.864 D16
_wDEWEY
_c53956
_i65453
_d53956
_f2021-11-10
_g5
_lCCODEBUL1
_mBUL
_p24.00
_q1
_r0
_sY
_tBOOK
_u2015-7-6
_xTEOLOGIA
_PP35
_0COMPRA
_o.STAFF. Colección General
980 _81
_gALBERTO SANCHEZ Responsable de Automatización